| 000 | 00547nam a22001937a 4500 | ||
|---|---|---|---|
| 005 | 20251108170914.0 | ||
| 008 | 250721s1996 xx 000 0 ara d | ||
| 082 | 1 | 4 | _aط/511.2/ألب |
| 100 | 1 | _aمطلق، ألبير | |
| 245 | 1 | 0 | _aالأعداد / |
| 264 | 1 |
_aبيروت : _bمكتبة لبنان، _c1996. |
|
| 300 | _a21ص | ||
| 490 | 0 | _aكتب الفراشه : كتابي الأول | |
| 650 | 1 | 7 | _aالأعداد |
| 650 | 1 | 7 | _aالحساب |
| 653 | _aناشاون صغار (6-9) سنوات | ||
| 942 |
_2ddc _cBK |
||
| 999 |
_c51792 _d51792 |
||